000 00553nam a22001937a 4500
005 20251108172449.0
008 250721s1980 xx 000 0 ara d
082 1 4 _a306.4/عود
100 1 _aعودى، حمود
245 1 0 _aمثقفون في البلاد النامية /
264 1 _aالقاهرة :
_bعالم الكتب،
_c1980.
300 _a301ص.
490 0 _aسلسلة كتاب الغد ; 8
650 1 7 _aالثقافة
650 1 7 _aالبلدان النامية
650 1 7 _aاليمن
942 _2ddc
_cBK
999 _c79985
_d79985